| 000 | 00315nam a22001097a 4500 | ||
|---|---|---|---|
| 008 | 160422b xxu||||| |||| 00| 0 eng d | ||
| 020 | _a9780131756656 | ||
| 041 | _aeng | ||
| 080 | _a618.2 | ||
| 245 |
_aPharmmacology for nursing: _cMichael Patrck Adamas; Leland Norman Holland; Paula Manuel Bostwick; |
||
| 942 |
_2udc _cBK |
||
| 999 |
_c1527 _d1527 |
||